Sports Quiz

Random Sports Quiz

BCS Playoffs 2010 Quiz Stats

 Plays Quiz not verified by Sporcle

Score 0/16 Timer 05:00
0 Plays Today
Rank Team % Correct
1Oregon Ducks
98.5%
2Auburn Tigers
97.7%
4Boise State Broncos
96.3%
3TCU Horned Frogs
94.3%
9Ohio State Buckeyes
90.9%
7Wisconsin Badgers
88.5%
11Alabama Crimson Tide
81.5%
8Nebraska Cornhuskers
79.6%
Rank Team % Correct
12Virginia Tech Hokies
77.9%
5LSU Tigers
75%
13Pittsburgh Panthers
70.1%
6Stanford Cardinal
61.6%
10Oklahoma State Cowboys
57.8%
16Troy Trojans
29.4%
14Central Florida Knights
24.8%
15Northern Illinois Huskies
24.3%

You're not logged in!

Compare scores with friends on all Sporcle quizzes.
OR
Log In

Show Comments

Extras

Created Nov 18, 2010ReportNominate
Tags:2010, BCS, bracket, playoff, reason, team

Top Quizzes Today


Score Distribution

Your Account Isn't Verified!

In order to create a playlist on Sporcle, you need to verify the email address you used during registration. Go to your Sporcle Settings to finish the process.

Report this User

Report this user for behavior that violates our Community Guidelines.

Details: